Computer Architecture and Parallel Processing / (Record no. 78007)

MARC details
000 -LEADER
fixed length control field 00562nam a2200205Ia 4500
008 - FIXED-LENGTH DATA ELEMENTS--GENERAL INFORMATION
fixed length control field 220922s9999||||xx |||||||||||||| ||und||
020 ## - INTERNATIONAL STANDARD BOOK NUMBER
International Standard Book Number 9780000000000
040 ## - CATALOGING SOURCE
Transcribing agency SFLIB
041 ## - LANGUAGE CODE
Language code of text/sound track or separate title English
082 ## - DEWEY DECIMAL CLASSIFICATION NUMBER
Classification number COM-APLS
Item number 18
100 ## - MAIN ENTRY--PERSONAL NAME
Personal name Faye A Briggs
100 ## - MAIN ENTRY--PERSONAL NAME
Personal name Kai Hwang
245 #0 - TITLE STATEMENT
Title Computer Architecture and Parallel Processing /
Statement of responsibility, etc. by Kai Hwang & Faye A Briggs
250 ## - EDITION STATEMENT
Edition statement Indian ed.
260 ## - PUBLICATION, DISTRIBUTION, ETC.
Place of publication, distribution, etc. Chennai :
Name of publisher, distributor, etc. McGraw Hill Education,
Date of publication, distribution, etc. 2012
300 ## - PHYSICAL DESCRIPTION
Extent 846 p.
650 ## - SUBJECT ADDED ENTRY--TOPICAL TERM
Topical term or geographic name entry element computer architecture
650 ## - SUBJECT ADDED ENTRY--TOPICAL TERM
Topical term or geographic name entry element parallel processing
942 ## - ADDED ENTRY ELEMENTS (KOHA)
Koha item type SF Library Books
Holdings
Withdrawn status Lost status Damaged status Collection code Not for loan Home library Current library Shelving location Date acquired Cost, normal purchase price Total Checkouts Full call number Barcode Date last seen Price effective from Koha item type
      Computer Applications   Z - SF LIBRARY@STCP Z - SF LIBRARY@STCP Shelf 1 - Rack 2 2022-09-24 725.00   COM-APLS 18 SF1017 2022-09-24 2022-09-24 SF Library Books
      Computer Applications   Z - SF LIBRARY@STCP Z - SF LIBRARY@STCP Shelf 1 - Rack 2 2022-09-24 725.00   COM-APLS 19 SF1018 2022-09-24 2022-09-24 SF Library Books
      Computer Applications   Z - SF LIBRARY@STCP Z - SF LIBRARY@STCP Shelf 1 - Rack 2 2022-09-24 725.00   COM-APLS 20 SF1019 2022-09-24 2022-09-24 SF Library Books
Rights reserved ©2021 ST. THOMAS COLLEGE LIBRARY
A joint venture of - St. Thomas College Library and
Department of Computer Science, St. Thomas Collge Palai